| 000 | 00711nam a2200229Ia 4500 | ||
|---|---|---|---|
| 003 | GCL | ||
| 008 | 140319s9999 xx 000 0 ara d | ||
| 040 |
_aGCL / _cGCL |
||
| 082 | 0 | 4 |
_aق _b962.16 _bد ق |
| 100 | 1 | _aدار الكتب المصرية | |
| 245 | 1 | 0 |
_aالقاهرة فى ثلاث سنوات من الحكم المحلى / _cدار الكتب المصرية |
| 260 |
_a[S.N] : _bدار الكتب المصرية |
||
| 300 | _a45 ص | ||
| 650 | 0 | 4 | _aالكبارى |
| 650 | 0 | 4 | _aالسياحة |
| 650 | 0 | 4 | _aالمواصلات |
| 650 | 0 | 4 | _aالعمارة |
| 650 | 0 | 4 | _aالقاهرة |
| 650 | 0 | 4 | _aالشئون الاجتماعية |
| 650 | 0 | 4 | _aالحكم المحلى |
| 942 |
_2ddc _cBK |
||
| 999 |
_c58960 _d58960 |
||